000 00390 a2200145 4500
001 167096
020 _a
040 _cMagnum
100 _aBicudo, Maria Aparecida Viggiani (Org.)
240 1 0 _aPesquisa em educacao matematica: concepcoes & perspectivas
_lpor
245 1 0 _aPesquisa em educacao matematica: concepcoes & perspectivas
362 0 _a1899
697 _aGERAL
942 _cBK
999 _c167096
_d167096